| 000 | 00679nam a2200205 a 4500 | ||
|---|---|---|---|
| 001 | 000025311 | ||
| 005 | 20200930023711.0 | ||
| 008 | 101216s1978 xxua 000 0 spa d | ||
| 040 |
_aDO-SdBNP _bspa _cBNPHU |
||
| 082 |
_a709.52 _bN799a |
||
| 100 | 1 |
_aNoma, Seiroku _951846 |
|
| 245 | 1 | 0 |
_aThe arts of Japan / _cSeiroku Noma ; traducido y adaptado Glenn T. Webb. |
| 260 |
_aTokyo : _bKodansha International, _c1978. |
||
| 300 |
_av. : _bil. ; _c27 cm. |
||
| 505 | 0 |
_gv.1. _tAncient and medieval.-- _gv.2 _tLate medieval to modern. |
|
| 650 | 4 |
_aArte japonesa _951847 |
|
| 650 | 4 |
_aArte _zJapan _951848 |
|
| 700 | 1 | 2 |
_aWeeb, Glenn T. _951849 |
| 910 | _aValidado. Control de calidad MFF | ||
| 999 |
_c24804 _d24804 |
||